| 000 | 00644nam a2200265Ia 4500 | ||
|---|---|---|---|
| 008 | 181129s9999 xx 000 0 und d | ||
| 020 | _a9780516262574 | ||
| 050 | _bF785 1997 | ||
| 100 | _aFowler, Allan | ||
| 245 | 0 | _aIcebergs, ice caps, and glaciers / | |
| 245 | 0 | _cby Allan Fowler. | |
| 260 | _aNew York, NY : | ||
| 260 | _bChildren's Press, | ||
| 260 | _c1997 | ||
| 300 | _a31 pages : | ||
| 300 | _bcolor illustrations ; | ||
| 300 | _c18cm. | ||
| 440 | _aRookie read-about-geography. | ||
| 500 | _a760L | ||
| 650 | _aGlaciers. | ||
| 650 | _aIce caps. | ||
| 650 | _aIcebergs. | ||
| 700 | _aSeries. | ||
| 700 | _aTitle. | ||
| 999 |
_c359952 _d359952 |
||